| 000 | 00918nam a2200277 i 4500 | ||
|---|---|---|---|
| 001 | 9685 | ||
| 003 | ES-MaACL | ||
| 005 | 20230906145732.0 | ||
| 007 | t| | ||
| 008 | 931125s1991 sp ||||1| cat d | ||
| 020 | _a84-7826-246-6 | ||
| 080 | _a581.9(46:234 Monserrat) | ||
| 100 | 1 |
_aNuet i Badia, Josep. _986124 |
|
| 245 | 1 | 0 |
_aFlora de Montserrrat / _cJosep Nuet i Badia, Josep M. Panareda i Clopés ; práoleg d'Oriol de Boláos. |
| 250 | _a[1ª ed.]. | ||
| 260 |
_aBarcelona : _bAbadía de Montserrat, _c1991- |
||
| 300 |
_a1 v. : _bil. ; _c26 cm. |
||
| 490 | 1 | _aBiblioteca Abat Oliba. Sèrie Il-lustrada | |
| 505 | 8 | _aVol. I. | |
| 650 | 1 | 4 |
_aFlora- _zMontserrat. _912905 |
| 700 | 1 |
_aPanareda i Clopés, Josep M. _988746 |
|
| 700 | 1 |
_aBáolos, Oriol de, _epr. _9126253 |
|
| 830 | 0 |
_aBiblioteca Abat Oliba. Sèrie Il-lustrada _9228057 |
|
| 852 |
_aES-MaACL _jL-17184 _bR.122256 |
||
| 999 |
_c9685 _d9685 |
||